• 首页
  • 本馆介绍
  • 公告通知
  • 最新文献
  • 馆藏检索
  • 电子资源
  • 读者导购
  • 参考咨询
  • 我的图书馆
  • 登录
  • 详细信息显示
  • 放入我的书架
  • 预约/预借图书
  • 作者相关作品
  • 分类相关作品
  • 丛书相关作品
  • 出版社相关作品

书目信息

  • 表格格式
  • 工作单格式
  • 卡片格式
题名:
人工关节置换基础与临床
    
 
作者: 史晨辉 , 王维山 , 尹生云 , 李宽新 主编
分册:  
出版信息: 西安   西安交通大学出版社  2014
页数: 357页
开本: 27cm
丛书名:
单 册:
中图分类: R687.4
科图分类:
主题词: 人工关节--ren gong guan jie--移植术 (医学)--研究
电子资源:
ISBN: 978-7-5605-6889-8
000 01068nam0 2200289 450
001 1775722475
005 20150723140443.6
010    @a978-7-5605-6889-8@b精装@dCNY198.00
100    @a20150722d2014 em y0chiy50 ea
101 0  @achi
102    @aCN@b610000
105    @aa a 000yy
106    @ar
200 1  @a人工关节置换基础与临床@Aren gong guan jie zhi huan ji chu yu lin chuang@f主编史晨辉 ... [等]
210    @a西安@c西安交通大学出版社@d2014
215    @a357页@c图@d27cm
304    @a题名页题其余责任者: 王维山, 尹生云, 李宽新
320    @a有书目 (第357页)
330    @a本书分为总论和分论上下两篇, 介绍了关节的基本结构和功能、关节的组织解剖生理学、关节软骨的形态生理与功能、关节的运动和物理检查、骨关节疾病的影像学基本特征等内容。
606 0  @a人工关节@Aren gong guan jie@x移植术 (医学)@x研究
690    @aR687.4@v5
701  0 @a史晨辉@Ashi chen hui@4主编
701  0 @a王维山@Awang wei shan@4主编
701  0 @a尹生云@Ayin sheng yun@4主编
701  0 @a李宽新@Ali kuan xin@4主编
801  0 @aCN@b人天书店@c20150722
905    @aBZT@dR687.4@e3
    
    人工关节置换基础与临床/主编史晨辉 ... [等].-西安:西安交通大学出版社,2014
    357页:图;27cm
    
    
    ISBN 978-7-5605-6889-8(精装):CNY198.00
    本书分为总论和分论上下两篇, 介绍了关节的基本结构和功能、关节的组织解剖生理学、关节软骨的形态生理与功能、关节的运动和物理检查、骨关节疾病的影像学基本特征等内容。
●
相关链接 在五车中查询图书 在当当中查询图书 在豆瓣中查询图书


正题名:人工关节置换基础与临床     索取号:R687.4/3         预约/预借

序号 登录号 条形码 馆藏地/架位号 状态 备注
1 823286   2000823286   第二书库/ [索取号:R687.4/3] 在馆    
2 823287   2000823287   第二书库/ [索取号:R687.4/3] 在馆    
山东省滨州职业学院图书馆 欢迎您!
大连网信软件有限公司© 版权所有